|
|
|
|
| LEADER |
00000cam a2200000 7i4500 |
| 001 |
0000013683 |
| 005 |
20080124.0 |
| 008 |
080124 |
| 020 |
|
|
|a 9830612783
|
| 090 |
0 |
0 |
|a 279.382
|b GHA
|
| 100 |
1 |
|
|a Al-Ghazali
|
| 245 |
1 |
0 |
|a Rahsia solat
|c Imam Al-Ghazali
|
| 260 |
|
|
|a Selangor :
|b Crescent news (KL) ,
|c 2004
|
| 650 |
|
0 |
|a Pillars of Islam
|
| 650 |
|
0 |
|a Prayer
|x Islam
|
| 650 |
|
0 |
|a Salat
|
| 710 |
0 |
|
|a Title
|
| 999 |
|
|
|a 0001005378
|b Book
|c Adult Collection
|e Perbadanan Perpustakaan Awam Johor
|
| 999 |
|
|
|a 0001005379
|b Book
|c Adult Collection
|e Perbadanan Perpustakaan Awam Johor
|
| 999 |
|
|
|a 0001005380
|b Book
|c Adult Collection
|e Perbadanan Perpustakaan Awam Johor
|